Central Library OPAC University of Rajshahi

Handbook of decorative motifs / (Record no. 62188)

MARC details
000 -LEADER
fixed length control field 00720nam a2200253 a 4500
001 - CONTROL NUMBER
control field 62188
003 - CONTROL NUMBER IDENTIFIER
rucl marc code BD-RjUL
005 - DATE AND TIME OF LATEST TRANSACTION
control field 20211209081043.0
008 - FIXED-LENGTH DATA ELEMENTS--GENERAL INFORMATION
fixed length control field 170123s2004 enka 001 0 eng
020 ## - INTERNATIONAL STANDARD BOOK NUMBER
International Standard Book Number 0393731480
035 ## - SYSTEM CONTROL NUMBER
System control number (BD-RjUL)62313
040 ## - CATALOGING SOURCE
Original cataloging agency DLC
Transcribing agency DLC
Modifying agency BD-RjUL
Language of cataloging eng
041 1# - LANGUAGE CODE
Language code of text/sound track or separate title eng
Language code of original dan
082 00 - DEWEY DECIMAL CLASSIFICATION NUMBER
Classification number 758.42
Edition number 23
Author mark and year KOH 2004
100 1# - MAIN ENTRY--PERSONAL NAME
Personal name Koustrup, Birthe,
Dates associated with a name 1917-
9 (RLIN) 184971
245 10 - TITLE STATEMENT
Title Handbook of decorative motifs /
Statement of responsibility, etc. Birthe Koustrup.
260 ## - PUBLICATION, DISTRIBUTION, ETC. (IMPRINT)
Place of publication, distribution, etc. New York :
Name of publisher, distributor, etc. W.W. Norton,
Date of publication, distribution, etc. c2004.
300 ## - PHYSICAL DESCRIPTION
Pagination 256 p. :
Illustrations ill. ;
Size 25 cm.
500 ## - GENERAL NOTE
General note Includes index.
650 #0 - SUBJECT ADDED ENTRY--TOPICAL TERM
Topical term or geographic name as entry element Decoration and ornament
General subdivision Themes, motives.
9 (RLIN) 184972
942 ## - ADDED ENTRY ELEMENTS (KOHA)
Source of classification or shelving scheme Dewey Decimal Classification
Koha item type Books
Holdings
Lost status Source of classification or shelving scheme Damaged status Not for loan Collection code Permanent Location Current Location Shelving location Date acquired Source of acquisition Cost, normal purchase price Total Checkouts Full call number Date last seen Copy number Koha item type
  Dewey Decimal Classification   Not For Loan Non-fiction Central Library, University of Rajshahi Central Library, University of Rajshahi Reading Room 21/01/2008 Dhaka paragon enterprises ltd. 35.00   758.42 KOH 2004 23/01/2017 C-1 Books